Follow That Line: The Wizard of Oz Quiz Stats

Quiz Updated Apr 13, 2016

Challenge
Share
Tweet
Embed
Score 0/20 Timer 08:00
2 Plays Today
% Correct
Oh, she bit her dog, eh?
90.4%
Sleeeeep. Now they'll sleeeeep!
90.1%
Oh my!
87%
Hearts will never be practical until they can be made unbreakable.
86.8%
We must be over the rainbow!
86.4%
Let them know the Wicked Witch is dead!
85.8%
That doesn't do any good, I'm afraid of 'em.
81.6%
I hope your tail holds out!
81.4%
Courage!
77.6%
Well, my little pretty, I can cause accidents, too!
77.6%
% Correct
I'm melting! Melting! Oh, what a world! What a world!
76.1%
I said come back tomorrow.
71.5%
Well, that's you all over!
68.7%
Not nobody, not nohow!
68.1%
You clinking, clanking, clattering collection of caligenous junk!
64.8%
I'll get you, my pretty, and your little dog, too!
59.7%
Now that's getting personal, Lion!
57.2%
I was petrified.
51%
Ain't it the truth? Ain't it the truth?
49.4%
If any!
36.4%

You're not logged in!

Compare scores with friends on all Sporcle quizzes.
Join for Free
OR
Log In

You Might Also Like...

Show Comments

Extras

Top Quizzes Today


Score Distribution

Your Account Isn't Verified!

In order to create a playlist on Sporcle, you need to verify the email address you used during registration. Go to your Sporcle Settings to finish the process.

Report this User

Report this user for behavior that violates our Community Guidelines.

Details: